000 00613nam a2200157 a 4500
008 070920s2007 ||||||||||||||||| || u
050 _aIBRD(08)WP
100 _aPaci, Pierella
245 1 0 _aInternal labor mobility in Central Europe and the Baltic region
260 _aWashington, D. C.
_bWorld Bank
_c2007
300 _axix, 79p.:ill.
350 _a0.00
650 _aINTERNAL LABOR MOBILITY--CENTRAL EUROPE
700 _a[and others]
995 _D0.00
_FCBU-MAIN LIBRARY (Kitwe)
_H1
_I0.00
_M1
_UAVAILABLE
_WSep 20, 2007
_ZInternational Publications
999 _c47264
_d47264